[Event "Bundesliga 0405"]
[Site "Germany"]
[Date "2005.03.13"]
[Round "13.4"]
[White "Bezold, Michael"]
[Black "Boensch, Uwe"]
[Result "1/2-1/2"]
[WhiteElo "2532"]
[BlackElo "2540"]
[Annotator "Psakhis,L"]
[PlyCount "94"]
[EventDate "2004.11.12"]
[EventType "team-tourn"]
[EventRounds "15"]
[EventCountry "GER"]
[SourceTitle "CBM 106"]
[Source "ChessBase"]
[SourceDate "2005.06.06"]
[SourceVersion "1"]
[SourceVersionDate "2005.06.06"]
[SourceQuality "1"]
[WhiteTeam "Hamburger SK"]
[BlackTeam "Tegernsee"]
[WhiteTeamCountry "GER"]
[BlackTeamCountry "GER"]

1. e4 c5 2. Nf3 d6 3. Bc4 e6 (3... Nf6 4. Qe2 Nc6 5. h3 (5. c3 Bg4 $11) 5... e6
6. Bb3 Be7 7. c3 b6 $13) 4. O-O Nf6 5. Re1 Be7 6. Bb3 (6. c3 O-O (6... Qc7 7.
Bb3 b5 8. d4 Bb7 9. e5 dxe5 10. dxe5 Nfd7 11. Qe2 c4 12. Bc2 Nc6 13. a4 a6 14.
Nbd2 O-O 15. Nf1 Rfd8 16. Qe4 Nf8 17. Qf4 Ng6 18. Qg3 Na5 19. axb5 axb5 20. Nd4
b4 {0-1 Bergez,L-Fedorchuk,S/Sautron Rohde op 2004/ (43)}) 7. Bb3 (7. d4 Nxe4
$1 8. Rxe4 d5 $17) 7... b5 $5 $146 (7... b6) 8. d4 cxd4 9. cxd4 Bb7 10. Bc2 b4
$1 (10... Nc6 11. Nc3 b4 12. Ne2 {/\ Ng3+/=}) 11. Nbd2 Qc7 (11... Nbd7 12. e5
dxe5 13. dxe5 Nd5 14. Ne4 $14) 12. e5 dxe5 13. dxe5 Nfd7 $1 14. Ne4 (14. Be4
Bxe4 15. Nxe4 Nxe5 16. Bf4 Nbd7 (16... Nxf3+ 17. Qxf3 e5 18. Bxe5 Qxe5 19. Ng3
Qb5 20. Rxe7 $14) 17. Nxe5 Nxe5 18. Qh5 f6 19. Rac1 Qa5 $15) 14... Rc8 15. Bd3
Nxe5 $13 {0-1 Kovalev,A-Ilincic,Z/Beograd 1998/ChessBase/ (27)} (15... Nc6 16.
Nd6 Bxd6 17. exd6 Qd8 18. Bf4 $14)) 6... b5 (6... Qc7 7. d3 b6 8. Nbd2 O-O 9.
c3 Ba6 10. Bc2 Nc6 11. Nf1 Rfd8 12. Bf4 Ne5 13. Rc1 Rac8 14. Ng3 Rd7 15. h3
Nxf3+ 16. Qxf3 Qd8 17. Rcd1 b5 18. Qe2 b4 19. Ba4 Rb7 20. c4 Nd7 {1-0 Kharlov,
A-Kozul,Z/ECC t-ch Izmir 2004/(49)}) 7. c3 {[%cal Gd2d4] Bezold has avoided
the sharp variations of the open Sicilian, and now his main goal is to control
the centre with pawns.} (7. d3 Bb7 8. Nbd2 Nc6 9. c3 Qb6 10. Bc2 Nd7 11. Nf1
Nde5 12. Nxe5 dxe5 13. a4 b4 14. Qg4 g6 15. Bh6 Ba6 16. a5 Qb7 17. Ne3 b3 18.
Bb1 Bf8 19. Bg5 Bg7 20. Nf1 O-O 21. Nd2 h6 {1-0 Kazhgaleyev,M-Shneider,A/
Moscow Aeroflot-A 2003/ChessBase (35)}) 7... Bb7 8. Bc2 Nc6 9. d3 O-O 10. Nbd2
b4 (10... Qc7 11. Nf1 a5 12. Ng3 a4 13. a3 Rfc8 14. Bf4 Ne5 15. Nd2 Ng6 16. Bg5
d5 17. h4 h6 18. Bxf6 Bxf6 19. h5 Nf4 20. Qg4 b4 21. Nf3 dxe4 22. dxe4 Be5 $36
{0-1 Bergez,L-Baramidze,D/BEL t-ch 0304 2003/ (39)}) 11. d4 bxc3 12. bxc3 cxd4
13. cxd4 Rc8 $146 (13... Nb4 14. Bb1 Ba6 15. Nb3 d5 16. a3 Nc6 17. e5 Ne4 18.
Nfd2 f5 19. exf6 Bxf6 20. Nxe4 dxe4 21. Be3 Bd3 22. Bxd3 exd3 23. Qxd3 Qd5 24.
Rad1 Rfd8 25. Nc5 Nxd4 26. Bxd4 Bxd4 27. Ne4 Rab8 28. Qg3 {Zagema,W-Ftacnik,L/
Dortmund op-A 1992/0-1 (38)}) 14. Rb1 $5 {The most natural way of development.}
Ba6 15. Ba3 (15. Re3 $5 {[%cal Ge3a3]} d5 16. e5 Nd7 17. Ba3) 15... h6 (15...
Qa5 $5) 16. h3 (16. Nb3 $5 d5 17. Bxe7 Qxe7 18. e5 Nd7 $11) 16... d5 17. Bxe7
Qxe7 18. e5 Nd7 {It is not so easy to estimate this position correctly, but it
seems that Black can keep equal chances.} 19. Re3 (19. Ba4 Nb6 20. Bxc6 Rxc6
21. Nb3 Bc4 $5 $11) 19... Nb4 20. Bb3 Nb6 {[%cal Gb6c4,Gb4d3]} 21. Ne1 Rc7 22.
Rg3 Rfc8 23. Ndf3 (23. Qg4 Qf8 $5) 23... Rc3 {[%cal Gc3g3]} 24. Qd2 Kh8 25. Kh2
Qc7 {[%cal Gc3c1]} 26. Qf4 (26. a4 Nd3 27. a5 Nd7 28. Ba4 Nf8 $5) 26... Nd3 27.
Qg4 Rg8 28. Nh4 $2 {A dubious decision allows Black to activate his forces.} ({
Bezold had a good chance to finish game with positive result after} 28. Ng5
$142 $5 Nxe1 29. Rxc3 Qxc3 30. Nxf7+ Kh7 31. Ng5+ Kh8 32. Nf7+ $11) 28... Qe7
$2 (28... Nxf2 $5 29. Qf4 Rxg3 30. Qxg3 Ne4 $17) 29. Nxd3 Rxd3 30. Nf3 Rc3 31.
Qf4 Rgc8 32. Qg4 Qf8 $17 {[%csl Ga6,Rb3,Gc3] Black's advantage can be seen
with the naked eye.} 33. Ne1 Rxg3 34. Qxg3 Qe7 35. Qe3 Qc7 36. Nf3 (36. a4 Nc4
$5) 36... Qc3 37. Kg3 Kg8 ({I guess it would 've been easier for White to
defend without the queens, even though Black would 've kept some pressure
anyway and after} 37... Qxe3 38. fxe3 Bd3 $15 {[%cal Od3b1,Gc8c1]}) 38. h4 Bd3
$1 {Good idea, Boensch decides to keep queens on the board.} 39. Re1 a5 $17 {
[%csl Ra2][%cal Ra5a4] White plays a bit passive and finally gets punished for
it.} 40. Nd2 Qb2 ({Another promising possibility was} 40... a4 $5 41. Bd1 Nc4
42. Nxc4 Rxc4 43. Bf3 $5 Qb4 $5 (43... Rxd4 44. Rd1) (43... Qxd4 $2 44. Qxd4
Rxd4 45. Rd1 {[%cal Rf3e2]})) 41. Nf3 Rc3 42. Rd1 Be4 $19 {[%csl Ge4][%cal
Oc3e3,Ce3d2,Cd2b2,Rc3g3]} 43. Qe1 a4 44. Rd2 Qa3 45. Rd1 Qb2 $2 {[%mdl 8192]
This is the crucial moment of the difficult and interesting game. For some
reasons Boensch decided to finish the game peacefully, but after the natural} (
45... Rc6 46. Qa5 $8 Qf8 $1 47. Bxa4 $140 Qa3 $19 {he could win immediately!})
46. Rd2 Qa3 47. Rd1 Qb2 $2 1/2-1/2

[Event "Asia-ch 4th"]
[Site "Doha"]
[Date "2003.02.28"]
[Round "7"]
[White "Dzhumaev, Marat"]
[Black "Sadvakasov, Darmen"]
[Result "0-1"]
[WhiteElo "2507"]
[BlackElo "2523"]
[Annotator "Psakhis,L"]
[PlyCount "76"]
[EventDate "2003.02.22"]
[EventType "swiss"]
[EventRounds "9"]
[EventCountry "QAT"]
[SourceTitle "CBM 094"]
[Source "ChessBase"]
[SourceDate "2003.05.26"]
[SourceVersion "1"]
[SourceVersionDate "2003.05.26"]
[SourceQuality "1"]

1. e4 c5 2. Nf3 d6 3. Bc4 Nf6 4. d3 {This opening system become quite popular
nowadays , but playing it, White doesn't pretend for opening advantage and
just want to bring game to less known territory.} Nc6 5. c3 g6 6. Bb3 Bg7 7.
Ng5 {[%cal Gf2f4]} (7. O-O $5 O-O 8. Nbd2 b6 9. Re1 Ba6 10. Nf1 Ne5 11. Bc2 Qc7
12. h3 e6 13. N3h2 Nc6 14. f4 e5 $11 {0-1 Benjamin,J-Baklan,V/Wch Moscow 2001 
(45)}) 7... O-O 8. f4 b5 9. Qe2 Bg4 $146 {Interesting novelty, but Black had
good choice already, worth considering and simple move} (9... b4 $5 {for
example:} 10. O-O (10. e5 $5) 10... Ba6 11. Nd2 (11. Bd5 Qb6 12. Bxc6 Qxc6 $15)
11... e6 12. Ndf3 h6 13. Nh3 Ng4 14. Bd2 d5 15. e5 bxc3 16. Bxc3 c4 17. dxc4
Qb6+ $13 {1-0 Dzhumaev,M-Wong Zi Jiang/Mumbai Commonwealth-ch 2003 (28)}) (9...
e6 10. O-O c4 11. dxc4 bxc4 12. Bxc4 h6 13. e5 $5 (13. Nf3 Nxe4 14. Qxe4 d5 $44
) 13... Nd7 14. Nxf7 Kxf7 15. exd6 Nf6 $13 {1/2-1/2 Balashov,Y-Lugovoi,A/
RUS-ch St.Petersburg 1998 (31)}) 10. Nf3 (10. Qe3 $5 {leads to more
complicated game, because now Black any time can exchange bishop for knight,
depriving White all chances for attack.}) 10... e6 (10... a5 $5 11. a4 b4) 11.
O-O (11. h3 Bxf3 12. Qxf3 d5 13. e5 Nd7 {[%cal Gf7f6]}) 11... c4 $5 12. Bc2 ({
Black would have great compensation for the pawn in the case of} 12. dxc4 $5
bxc4 13. Bxc4 (13. Qxc4 Qb6+ 14. Kh1 Na5) 13... Nxe4 (13... d5) 14. Qxe4 d5 15.
Qe2 dxc4 16. Qxc4 Qb6+ $44) 12... cxd3 13. Bxd3 b4 14. h3 (14. Be3 Nd7) 14...
Bxf3 15. Qxf3 Nd7 {I would prefare already Black's position: he managed to
exchanged dangerous white's knight and has good perspectives on the Qside.} 16.
Kh1 Nc5 17. Be2 (17. Bc4 Rb8 $36 (17... bxc3 $5 18. Nxc3 Nd4)) 17... Rb8 18.
Nd2 (18. Be3 bxc3 19. bxc3 Qa5) 18... Qc7 19. f5 {An attempt to launch an
attack, which is easily suppressed by black.} bxc3 20. bxc3 Ne5 21. Qg3 (21.
Qe3 exf5 22. exf5 Rfe8) 21... Rfe8 22. Qh4 (22. f6 Bh8 {[%csl Rf6]}) 22... exf5
(22... Na4 $5 23. f6 Nxc3 24. fxg7 Nxe2 $17) 23. exf5 gxf5 $5 {Simplest way to
stop White's activity on the king side.} (23... Ned3 24. Bxd3 Nxd3 25. Ne4 $15)
24. Qh5 (24. Rxf5 Ng6 25. Qc4 Re3) 24... Ng6 (24... Ne4 $5 25. Nxe4 fxe4 $17)
25. Bc4 f4 (25... Bxc3 $142 $5 26. Qxf5 (26. Rb1 Rxb1 27. Nxb1 Ne4 $19) 26...
Bxa1 $19 {and White simply lost material without getting any serious
compensation.}) 26. Ba3 (26. Bd5 $5 Na4) 26... Re5 (26... Bxc3 $5) 27. Qf3 Re3
28. Qd5 Bxc3 {Finally!} 29. Rab1 (29. Rac1 Ne5) 29... Rxb1 (29... Rf8 $5 {
[%csl Rf7]}) 30. Rxb1 Ne5 {[%csl Gc3,Gc5,Ge3,Ge5]} 31. Nf3 $6 {And once again
White fails to find the better continuation!} ({Leads to more complicated game.
} 31. Nf1 $142 $1 $17) 31... Ne4 $1 32. Nxe5 Bxe5 {[%cal Re4c3]} 33. Kg1 (33.
Bb4 $5) 33... Kg7 (33... Nc3 $5 $19) 34. Bb2 (34. Rb7 Re1+ 35. Kh2 Ng3 $19)
34... Nf6 $5 $19 {The smoke has cleared, Black has material advantage and
manages to turn it into a win quite quickly.} 35. Qb5 a6 (35... f3 $5 {[%csl
Rg1]}) 36. Qb4 (36. Qxa6 Qc5 37. Kh1 (37. Kh2 Rxh3+ $1 38. gxh3 (38. Kxh3 Bxb2
$19) 38... Qf2+ 39. Kh1 Ne4 40. Bxe5+ dxe5 $19) 37... Bxb2 38. Rxb2 Re1+ 39.
Bf1 Ne4 $19) 36... Bxb2 37. Rxb2 Re4 38. Rc2 d5 (38... d5 39. Bxd5 Rxb4 40.
Rxc7 Nxd5) 0-1

[Event "EU-ch 4th"]
[Site "Istanbul"]
[Date "2003.05.30"]
[Round "1"]
[White "Georgiev, Krum"]
[Black "Graf, Alexander"]
[Result "0-1"]
[WhiteElo "2516"]
[BlackElo "2630"]
[Annotator "Psakhis,L"]
[PlyCount "64"]
[EventDate "2003.05.30"]
[EventType "swiss"]
[EventRounds "13"]
[EventCountry "TUR"]
[SourceTitle "CBM 096"]
[Source "ChessBase"]
[SourceDate "2003.09.25"]
[SourceVersion "1"]
[SourceVersionDate "2003.09.25"]
[SourceQuality "1"]

1. e4 c5 2. Nf3 e6 3. b3 d6 4. d4 (4. Bb2 Nf6 5. e5 dxe5 6. Nxe5 Be7 7. Bd3
Nbd7 8. f4 O-O 9. O-O Re8 10. Na3 Nb6 11. c4 Bd7 12. Rf3 Bf8 13. Rh3 g6 14. g4
$1 $16 {1-0 Oral,T-Navara,D/CZE-ch Luhacovice 2003/CBM 94 (24)}) 4... Nf6 5.
Bd3 cxd4 6. Nxd4 d5 $6 (6... g6 7. Bb2 Bg7 8. O-O O-O 9. c4 Nc6 10. Nxc6 bxc6
11. Nc3 d5 12. cxd5 cxd5 13. Ba3 Re8 14. Rc1 {1/2-1/2 Georgiev,K-Andersson,U/
EUR-ch Istanbul 2003/The Week in Chess (14)}) 7. e5 Nfd7 $146 (7... Ne4 $5 8.
O-O Nd7 9. Bb2 Nxe5 10. Nxe6 Bxe6 11. Bxe5 a6 12. Bxe4 dxe4 13. Nc3 Qxd1 14.
Raxd1 f5 $11 {1-0 Delchev,A-Charbonneau,P/Andorra op 2003}) 8. Nxe6 $1 {
[%mdl 2048] Georgiev chooses a concrete principled fight, trying to punish
Black for a pretentious opening.} Qe7 (8... fxe6 9. Qh5+ Ke7 10. Ba3+ Nc5 11.
Bxc5+ $18) 9. Nc7+ Kd8 10. Nxa8 (10. Nxd5 $5 Qxe5+ 11. Be2 Qxa1 12. Nbc3 f6 13.
O-O $40 {[%csl Ra1,Rd8]}) 10... Qxe5+ 11. Qe2 $6 {White missed a very good
oportunity to get a clear advantage} (11. Be3 $142 $1 Qxa1 12. O-O Nc6 13. Bf4
$36 {[%csl Rd8][%cal Ga8c7]}) 11... Bb4+ (11... Qxa1 12. c3 Bd6 13. O-O {
[%csl Ra1]}) 12. Bd2 (12. Nd2 $5 Qxa1 13. O-O Nc6 14. Nf3 {[%cal Rc1g5]}) 12...
Bxd2+ (12... Qxa1 13. O-O) 13. Kxd2 Qxa1 $13 {[%csl Ra8,Rd2,Rd8]} 14. Re1 Qf6
15. Nc3 Nc6 16. Nb5 (16. Nxd5 Qg5+ 17. Ne3 b6 {[%cal Gc8b7]}) 16... Nc5 17. Qe3
Nxd3 (17... d4 18. Qg3) 18. cxd3 $6 {Mistake} ({It is easy to recommend brave
move} 18. Kxd3 $5 {knowing what happened in the game. Game could follow} Bf5+
$140 19. Kd2 Kd7 20. Nac7 $36) 18... Bd7 (18... Qb2+ 19. Kd1 Bg4+ 20. f3 Bf5
21. Nd6 Kd7 22. Nxf5 Rxa8 23. Qc5 $1 $13) 19. Qc5 $2 {This move may look
active, but this is actually a mistake} (19. d4 $142 Re8 20. Qg3 Rxe1 21. Kxe1
a6 22. Nd6 Qe7+ 23. Kf1 Be6 24. Nb6 $132) 19... Qb2+ 20. Kd1 Qb1+ 21. Kd2 (21.
Qc1 Qxd3+) 21... Qxa2+ 22. Kc3 (22. Kc1 Qa1+ 23. Kd2 Qb2+ $19) 22... Qa5+ 23.
b4 $8 Nxb4 $1 {And this position is almost hopeless, Black has a strong attack
and there is no aby more real counter play for White.} 24. Qe7+ (24. Qxb4 Qxb5
$19) 24... Kc8 25. Nd6+ Kb8 26. Qxd7 Nc6+ 27. Kc2 (27. Kb2 Qd2+ 28. Ka3 Qc3+
29. Ka2 Nb4+) 27... Nd4+ {It seems that White's position can no longer be
saved - there are too many Black' pieces pointed at the white king, who is all
alone} 28. Kd1 (28. Kb2 $2 Qb4+ 29. Kc1 Qc3+ 30. Kb1 Qc2+ 31. Ka1 Nb3#) 28...
Qa1+ 29. Kd2 Qb2+ 30. Ke3 Nc2+ 31. Kf4 (31. Kd2 Nxe1+ 32. Kxe1 Kxa8) 31... Nxe1
32. Ne8 Nxd3+ (32... Qxf2+ 33. Ke5 Qe3+ 34. Kd6 Rxe8) (32... Nxd3+ 33. Ke3 Qe5+
34. Kxd3 Rxe8 $19) 0-1

[Event "Linares 22nd"]
[Site "Linares"]
[Date "2005.03.06"]
[Round "11"]
[White "Kasimdzhanov, Rustam"]
[Black "Anand, Viswanathan"]
[Result "0-1"]
[WhiteElo "2678"]
[BlackElo "2786"]
[Annotator "Psakhis,L"]
[PlyCount "76"]
[EventDate "2005.02.23"]
[EventType "tourn"]
[EventRounds "14"]
[EventCountry "ESP"]
[EventCategory "20"]
[SourceTitle "CBM 106"]
[Source "ChessBase"]
[SourceDate "2005.06.06"]
[SourceVersion "1"]
[SourceVersionDate "2005.06.06"]
[SourceQuality "1"]

1. e4 c5 2. Nf3 d6 3. c3 Nf6 4. Be2 Bg4 {This is an interesting way to solve
the opening problems.} (4... Nbd7 {or}) (4... g6 {are more common moves.}) 5.
d3 (5. O-O e6 6. d3 (6. Ng5 Bxe2 7. Qxe2 Be7 8. d3 Nc6 9. f4 O-O 10. Nf3 b5 11.
Kh1 Rc8 12. Be3 d5 13. e5 Nd7 14. Nbd2 f6 15. exf6 Bxf6 16. d4 cxd4 17. Bxd4
Qe7 $11 {1/2-1/2 Stripunsky,A-Wojtkiewicz,A/New York Masters 2004 (28)}) (6.
Re1 Be7 7. d4 cxd4 8. cxd4 d5 9. exd5 Nxd5 10. h3 Bh5 11. Bb5+ Nc6 12. g4 Bg6
13. Ne5 Rc8 14. Nc3 O-O 15. Nxd5 Qxd5 $15 {1/2-1/2 Yudasin,L-Shahade,G/New
York Masters 2002/ChessBase (31)}) 6... Nc6 (6... Be7 7. Nbd2 Nc6 8. h3 Bxf3 9.
Nxf3 O-O 10. Re1 d5 11. e5 Nd7 12. d4 cxd4 13. cxd4 Qb6 14. a3 Na5 15. b4 Nc4
16. Bd3 a5 17. bxa5 Rxa5 18. a4 Qa7 19. Bc2 b5 {DontCry-Nos/Dos Hermanas
Internet 2002/0-1 (42)}) 7. Nbd2 (7. h3 Bh5 8. Nh2 Bxe2 9. Qxe2 d5 10. Bg5 Be7
11. f4 dxe4 12. dxe4 O-O 13. Bxf6 Bxf6 14. e5 Be7 15. Nd2 Qc7 16. Ne4 b6 17.
Rad1 Rad8 18. Ng4 $14 {Jeremejev,A-Shishkov,A/EST-ch Tallinn 2003/ /1/2-1/2 
(74)}) 7... d5 8. h3 Bh5 9. e5 Nd7 10. d4 Be7 11. Re1 O-O {with excellent play
for Black, Kasimdzhanov - Belov, playchess.com 2004.}) (5. h3 Bh5 6. O-O e6 7.
Re1 Be7 8. d4 O-O 9. dxc5 Nxe4 10. cxd6 Bxd6 11. Nbd2 Nxd2 12. Bxd2 Nc6 13. Be3
Qc7 14. Nd4 Nxd4 15. Bxh5 Nf5 16. Qb3 Nxe3 17. Rxe3 Bc5 $11 {0-1 Houska,
J-Speelman,J/London Staunton mem 2004/ (69)}) 5... e6 6. Nbd2 Nc6 7. Nf1 d5 (
7... Bh5 8. Ng3 Bg6 9. O-O d5 10. exd5 Nxd5 11. d4 a6 12. Re1 Be7 13. Bd3 cxd4
14. Bxg6 hxg6 15. Nxd4 Qb6 16. Nf3 Rd8 17. Qe2 Qc7 18. Bd2 Bd6 19. c4 Nf4 20.
Bxf4 Bxf4 21. Nf1 Nd4 22. Qe4 {Vadla,Z-Feletar,D/Zagreb 1998/0-1 (34)}) 8. exd5
Nxd5 $146 ({The improvement to the game Kasimdzhanov - Sadvakasov, Calvia (ol)
2004, which continued} 8... exd5 9. Ne3 Be6 10. d4 Bd6 11. dxc5 Bxc5 12. Nc2
O-O 13. O-O Re8 14. Be3 Bd6 15. Nfd4 $14 {and White has achieved and
eventually converted this typical slight edge.}) 9. Qa4 Bh5 10. Ng3 Nb6 (10...
Bxf3 11. Bxf3 Qd7 $11) 11. Qd1 ({Worth considering was} 11. Qb5 $5 {but in
this case White can't achieve an advantage, for example:} a6 (11... Bg6 12. Bg5
Be7 13. Bxe7 Qxe7 14. h4 h6 15. h5 Bh7 16. d4 cxd4 17. Nxd4 Rc8 18. Bf3 O-O 19.
Nxc6 $140 bxc6 20. Bxc6 Rfd8 $44) 12. Qb3 Bg6 13. Bg5 $5 Be7 14. Bxe7 Nxe7 15.
O-O O-O 16. d4 cxd4 17. Rad1 d3 $11) 11... Bg6 12. O-O Be7 13. a4 (13. Be3 Nd5)
13... O-O 14. a5 Nd5 15. Qa4 Qc7 16. d4 ({In case of} 16. Nh4 $2 {Black has a
pleasant choice:} Bxh4 ({Not bad and} 16... b5 $5 17. axb6 Nxb6 18. Qg4 Ne5 $1
19. Qh3 Bxd3 $17 {also winning the pawn without special compensation.}) 17.
Qxh4 Nxa5 $17) 16... cxd4 17. Nxd4 Nxd4 18. Qxd4 f5 $5 {Black chooses a
concrete principled fight, trying to punish White for a pretentious opening.} (
{But, perhaps the quiet} 18... Rad8 $5 {was a more precise move.}) 19. Qa4 (19.
Re1 $5 {was more to the point. After the possible move} Rad8 (19... f4 20. Ne4
Rfd8 21. Qc4 Rac8 22. Qxc7 Rxc7 23. Bg4 e5 $13 {[%csl Rc1]}) 20. Qc4 Qd6 21.
Nf1 $1 Bf6 22. Ne3 {White has good chances to equalize.}) (19. Nh5 Bd6) 19...
Rad8 20. Rd1 $6 {[%cal Rd8d1] This move is the main reason for the further
difficulties for White!} (20. Re1 $142 {was still better - White wants to
secure the position of the knight on e4, if Black would use the same plan.})
20... f4 21. Ne4 Qe5 22. Bf3 b5 $3 {A very strong answer, which was certainly
overlooked by White.} 23. Qc2 (23. axb6 $2 {costs White his queen after} Nxb6
24. Rxd8 Nxa4 25. Rxf8+ Kxf8 26. Rxa4 Qb5 27. Rd4 e5 28. Rd1 a5 $17) 23... Nf6
$1 {[%csl Ge4]} 24. Nxf6+ Qxf6 25. Qb3 Rxd1+ 26. Qxd1 Rd8 27. Qe2 Bd3 28. Qe1
e5 $1 {[%cal Re5e4] White does not lose immediately, but the pathetic fate of
the c1-bishop does not allow doubts about the assessment of the position.} 29.
Be2 (29. h3 e4 $5 30. Bxe4 $140 Bxe4 31. Qxe4 Rd1+ 32. Kh2 f3 33. g3 Rf1 $17)
29... Bxe2 30. Qxe2 e4 {White's position is hopelessly passive.} 31. g3 $8 e3
$1 {After this move there is no doubt about Black's overwhelming advantage.} (
31... f3 $143 32. Qf1 Bc5 33. Bf4 Qc6 $15) 32. fxe3 (32. Kg2 Qe6 33. fxe3 Qe4+
34. Qf3 Qc2+ 35. Kh3 Rd6 $19 {[%csl Rh3]}) 32... f3 33. Qxb5 $2 (33. Qc2 $8 {
was the only way to stay in the game although it was not a big fun after} Qe6
34. b4 $8 {[%csl Gc5]} (34. Bd2 Qh3 35. Be1 Bc5 $19) (34. b3 Qh3 35. Bb2 Bc5)
34... Qc4 (34... Bf6 $5 35. e4 Qh3 36. Be3 $1 (36. Bb2 Bg5 $1) 36... Bxc3 37.
Ra2 Bd2 38. Qxd2 Rxd2 39. Rxd2 a6 $17) 35. Kf2 Bxb4 36. Qa2 Qxa2+ 37. Rxa2 Bxc3
38. Kxf3 Rd1 39. Rc2 Bxa5 $17) 33... f2+ 34. Kg2 Rf8 35. Qd5+ ({White couldn't
rescue himself after} 35. Qc4+ Kh8 36. Qf4 Qc6+) 35... Kh8 36. Kf1 Qh6 ({
Black could also get it from the other side:} 36... Qa6+ 37. c4 Qc8 38. Bd2 Rd8
$19) 37. Bd2 ({Or} 37. h4 Qg6 38. Bd2 Qxg3 39. Qg2 Qd6 $19) 37... Qh3+ 38. Qg2
Qf5 {A nice victory for Anand.} 0-1

[Event "Bundesliga 0102"]
[Site "Germany"]
[Date "2002.04.28"]
[Round "15.5"]
[White "Voigt, Martin"]
[Black "Espig, Lutz"]
[Result "1-0"]
[WhiteElo "2300"]
[BlackElo "2421"]
[Annotator "Psakhis,L"]
[PlyCount "49"]
[EventDate "2001.10.06"]
[EventType "team-tourn"]
[EventRounds "15"]
[EventCountry "GER"]
[SourceTitle "CBM 089"]
[Source "ChessBase"]
[SourceDate "2002.08.12"]
[SourceVersion "1"]
[SourceVersionDate "2002.08.12"]
[SourceQuality "1"]
[WhiteTeam "Hamburg Koenigsspringer"]
[BlackTeam "Koenig Plauen"]
[WhiteTeamCountry "GER"]
[BlackTeamCountry "GER"]

1. e4 c5 2. Nf3 e6 3. b3 $5 d6 ({Worth considering} 3... b6 $5) ({or} 3... Nc6
4. Bb2 Nf6 5. e5 Nd5 $13 {with complicated game in both cases}) 4. Bb2 Nf6 5.
e5 dxe5 6. Nxe5 Nbd7 7. f4 Be7 8. Na3 (8. Bd3 Qc7 9. Na3 a6 10. Qf3 O-O 11.
Nac4 b5 12. Ne3 Bb7 13. Qg3 Nxe5 14. Bxe5 Qc6 15. O-O Rad8 16. Qh4 h6 17. Rf3
$36 {1-0 Priehoda,V-Ipek,A/EUR-ch Batumi 2002/ (51)}) 8... O-O 9. Bd3 Ne8 $146
(9... Nxe5 {White is getting better prospects also after} 10. fxe5 Nd5 11. O-O
Bd7 12. Qh5 (12. Nc4 Nb4 13. Be4 Bc6 14. Bxc6 Nxc6 15. a4 $14 {Miljanic,
B-Tosic,M/Cetinje 1996/1/2-1/2 (38)}) 12... h6 13. Rf3 $14) 10. Qh5 f5 (10...
Ndf6 11. Qh3) 11. O-O-O Nef6 12. Qf3 Nd5 {[%cal Gd5b4]} (12... Nxe5 13. fxe5
Nd5 14. Kb1) 13. Kb1 Nxe5 14. fxe5 {[%cal Gg2g4]} (14. Bxe5 a5 {[%cal Ga5a4]})
14... Bd7 15. Rhf1 a6 {Too slow, but White keeps some advantage also after} (
15... Bc6 16. Qh3 {[%cal Gg2g4]}) 16. g4 Nb4 17. gxf5 exf5 (17... Nxd3 18. Qxd3
exf5 19. Qd5+ Kh8 20. e6 Bc6 21. Qe5 Bf6 22. Qxc5 $16) 18. Bc4+ Kh8 19. Rg1 (
19. e6 Bc6 20. Qg3 $16) 19... Bc6 20. Qg3 g6 21. d4 $1 {[%csl Gd1] White
calmly brings more pieces into attack, making Black's survival impossible} (21.
Qf4 Kg7 22. d4 $1) 21... cxd4 $8 22. Rxd4 Qe8 (22... Qb6 23. e6 Kg8 (23... Bf6
24. Rh4 $18) 24. Rd7 $1 $18 (24. Qe5 Rf6)) 23. Rh4 $1 $18 {The final blow, the
rest is simple.} b5 (23... Bxh4 24. Qxh4 {[%cal Re5e6]}) 24. e6+ (24. Bf7 $5)
24... Bf6 25. Qc7 {White played all game with big energy!} 1-0